Statistiche per Paesi più vicini al Togo - sprint di un minuto

Clicka qui per fare il quiz!

Statistiche generali

  • Questo quiz è stato fatto 14 volte
  • Il punteggio medio è 14 su 20

Statistiche sulle risposte

kmnazione% Corretto
0Ghana
100%
0Benin
92%
886Liberia
85%
1231Senegal
85%
1160Sierra Leone
85%
763Camerun
77%
319Côte d'Ivoire
77%
393Mali
77%
0Burkina Faso
69%
1355Congo
69%
875Guinea
69%
191Niger
69%
101Nigeria
69%
801Guinea Equatoriale
62%
757Mauritania
62%
1395Repubblica
Centrafricana
62%
1044Gabon
54%
1359Ciad
46%
803Sao Tome e Principe
31%
925Algeria
23%

Distribuzione punteggi

Percentile per numero di risposta

Percentuale di utenti per punteggio

I tuoi punteggi nel tempo

Non hai fatto questo quiz